Statistics for Tottenham Hotspur Top Scorers

Click here to take the quiz!

General Stats

  • This quiz has been taken 47 times
  • The average score is 11 of 25

Answer Stats

CountryGoalsPlayer (Answer)% Correct
England268Harry Kane
100%
Ireland122Robbie Keane
92%
Wales72Gareth Bale
89%
South Korea140Heung-min Son
86%
Bulgaria46Dimitar Berbatov
67%
Denmark69Christian Eriksen
64%
Togo42Emmanuel Adebayor
58%
England143Jermain Defoe
58%
England67Dele Alli
53%
Argentina37Erik Lamela
50%
Brazil38Lucas Moura
50%
England113Teddy Sheringham
50%
Germany38Jurgen Klinsmann
47%
England124Jimmy Greaves
44%
England72Gary Lineker
31%
England46Darren Anderton
19%
England38Les Ferdinand
19%
Russia42Roman Pavlyuchenko
19%
Norway45Steffen Iversen
19%
England53Chris Armstrong
14%
England56Bobby Smith
11%
Wales81Cliff Jones
11%
England56Martin Chivers
8%
Scotland50Alan Gilzean
6%
England40Terry Dyson
3%

Score Distribution

Percentile by Number Answered

Percent of People with Each Score

Your Score History

You have not taken this quiz